Các nhà nghiên cứu ngôn ngữ học Việt Nam = Vietnamese researches on linguistics = Chercheurs Vietnamese en linguistique
Giới thiệu tiểu sử và thành tựu nghiên cứu của các nhà ngôn ngữ học.
保存先:
| フォーマット: | 図書 |
|---|---|
| 言語: | Undetermined |
| 出版事項: |
Hà Nội
Khoa học Xã hội
2005
|
| 主題: | |
| タグ: |
タグ追加
タグなし, このレコードへの初めてのタグを付けませんか!
|
| Thư viện lưu trữ: | Trung tâm Học liệu Trường Đại học Cần Thơ |
|---|
| LEADER | 00794nam a2200205Ia 4500 | ||
|---|---|---|---|
| 001 | CTU_101209 | ||
| 008 | 210402s9999 xx 000 0 und d | ||
| 020 | |c 82000 | ||
| 082 | |a 410.92 | ||
| 082 | |b C101 | ||
| 245 | 0 | |a Các nhà nghiên cứu ngôn ngữ học Việt Nam = | |
| 245 | 0 | |b Vietnamese researches on linguistics = Chercheurs Vietnamese en linguistique | |
| 245 | 0 | |c Vương Toàn biên soạn | |
| 260 | |a Hà Nội | ||
| 260 | |b Khoa học Xã hội | ||
| 260 | |c 2005 | ||
| 520 | |a Giới thiệu tiểu sử và thành tựu nghiên cứu của các nhà ngôn ngữ học. | ||
| 650 | |a Linguistics | ||
| 904 | |i M.Loan (sửa số pl 410.92/V561 thành 410.92/C101) | ||
| 980 | |a Trung tâm Học liệu Trường Đại học Cần Thơ | ||